1189 1973 1169 1346 1487 1296 1864 1545 1704 1097 1768 1257 1744 1562 1329 1597 1205 1086 1548 1440 1585 1883 1971 1175 1434 1504 1263 1951 1188 1962 1256 1036 1127 1836 1555 1710 1011 1589 1021 1657 1036 1657 1923 1308 1121 1629 1829 1839 1787 1632 1950 1482 1936 1944 1835 1412 1763 1172 1677 1796 1751 1175 1088 1535 1687 1217 1509 1598 1770 1400 1141 1476 1881 1589 1128 1356 1810 1458 1544 1774 1160 1868 1690 1112 1006 1063 1324 1052 1187 1764 1026 1195 1651 1734 1647 1426 1498 1476 1760 BCNSPRNW ULIB Ver.6.0+V

เปลี่ยนเป็นภาษาไทย

Change to English
 แสดงรายละเอียดบรรณานุกรม
  กลับหน้าหลัก

Brief Record : Get Marc (ISO 2709) : E-mail record : QR code < ปิดหน้าต่าง
LEADER : 00000nam 2200000uu 4500
001    13399110252
003     ULIB
008    110427s2547||||th 000 0 tha d
020    9742728739
060  4 WM100^bส241ส 2547
100 0  สมชาย สำราญเวชพร
245 10 เสียงหัวร่อจากห้องตรวจจิตแพทย์ /^cสมชาย สำราญเวชพร
246 32 การฝึกภาคปฏิบัติการผ่อนคลายกล้ามเนื้อ
250    พิมพ์ครั้งที่ 1
260    กรุงเทพฯ :^bหมอชาวบ้าน,^c2547
300    109 หน้า ;^c19 ซม. +^e1 วีซีดี
500    วีซีดี ให้ชื่อว่า: การฝึกภาคปฏิบัติการผ่อนคลายกล้ามเนื้อ. (CD-Med ส241ก2547)
650  2 Psychiatry^xpopular works
945    ^p130^l0^i019041
995    ทศพร
999 ^a ใช้งานได้ทุกระบบ
รายการนี้ยังไม่มีแท็ก
คุณยังไม่ได้ล็อกอิน คุณสามารถมีกิจกรรมร่วมกับเว็บไซต์ได้ แต่ต้องล็อกอินก่อน ::
  ล็อกอิน

รายการสื่อสารสนเทศ

ลำดับที่ ประเภท เลขเรียก/บาร์โค้ด สถานที่ สถานะ
- ไม่พบข้อมูล -

รายการใกล้เคียง
    ผู้แต่ง [สมชาย สำราญเวชพร]

BibComment


ยังไม่เคยถูกคอมเมนท์

คอมเมนท์ทรัพยากรรายการนี้
  คอมเมนท์: เสียงหัวร่อจากห้อ..


 Copyright 2026. Bcnsprnw @Library